Test Pilot (Record no. 1236344)

MARC details
000 -LEADER
fixed length control field 00435nam a2200193Ia 4500
008 - FIXED-LENGTH DATA ELEMENTS--GENERAL INFORMATION
fixed length control field 151121s9999||||xx |||||||||||||| ||und||
082 ## - DEWEY DECIMAL CLASSIFICATION NUMBER
Classification number 629ред13/Duk
082 ## - DEWEY DECIMAL CLASSIFICATION NUMBER
Item number HNW-52216
100 ## - MAIN ENTRY--PERSONAL NAME
Personal name Duke Neville
245 ## - TITLE STATEMENT
Title Test Pilot
260 ## - PUBLICATION, DISTRIBUTION, ETC. (IMPRINT)
Name of publisher, distributor, etc "Allan Wingate, London"
260 ## - PUBLICATION, DISTRIBUTION, ETC. (IMPRINT)
Date of publication, distribution, etc --
300 ## - PHYSICAL DESCRIPTION
Extent 215
600 ## - SUBJECT ADDED ENTRY--PERSONAL NAME
Personal name Duke Neville
630 ## - SUBJECT ADDED ENTRY--UNIFORM TITLE
Uniform title Test Pilot
700 ## - ADDED ENTRY--PERSONAL NAME
Personal name Duke Neville
730 ## - ADDED ENTRY--UNIFORM TITLE
Uniform title Test Pilot
942 ## - ADDED ENTRY ELEMENTS (KOHA)
Koha item type Book
Holdings
Withdrawn status Lost status Damaged status Not for loan Home library Current library Date acquired Cost, normal purchase price Total Checkouts Full call number Barcode Date last seen Cost, replacement price Price effective from Koha item type
        Hirachand Nemchand Wachanalaya, Solapur Hirachand Nemchand Wachanalaya, Solapur 11/21/2015 0.00   HNW-52216 HNW-52216 11/21/2015 0.00 11/21/2015 Book